LEADER 04315oam 2200637I 450 001 9910459136803321 005 20200520144314.0 010 $a0-429-13066-X 010 $a1-283-00453-4 010 $a9786613004536 010 $a1-4398-1017-6 024 7 $a10.1201/b10279 035 $a(CKB)2560000000058169 035 $a(EBL)665619 035 $a(OCoLC)707067824 035 $a(SSID)ssj0000469781 035 $a(PQKBManifestationID)11312409 035 $a(PQKBTitleCode)TC0000469781 035 $a(PQKBWorkID)10526998 035 $a(PQKB)11393182 035 $a(MiAaPQ)EBC665619 035 $a(Au-PeEL)EBL665619 035 $a(CaPaEBR)ebr10447931 035 $a(CaONFJC)MIL300453 035 $a(EXLCZ)992560000000058169 100 $a20180331d2011 uy 0 101 0 $aeng 135 $aur|n|---||||| 181 $ctxt 182 $cc 183 $acr 200 00$aHandbook of adaptive designs in pharmaceutical and clinical development /$fedited by Annpey Pong, Shein-Chung Chow 210 1$aBoca Raton :$cCRC Press,$d2011. 215 $a1 online resource (475 p.) 300 $aDescription based upon print version of record. 311 $a1-4398-1016-8 320 $aIncludes bibliographical references and index. 327 $aFront cover; Contents; Preface; Editors; Contributors; Chapter 1. Overview of Adaptive Design Methods in Clinical Trials; Chapter 2. Fundamental Theory of Adaptive Designs with Unplanned Design Change in Clinical Trials with Blinded Data; Chapter 3. Bayesian Approach for Adaptive Design; Chapter 4. The Impact of Protocol Amendments in Adaptive Trial Designs; Chapter 5. From Group Sequential to Adaptive Designs; Chapter 6. Determining Sample Size for Classical Designs; Chapter 7. Sample Size Reestimation Design with Applications in Clinical Trials 327 $aChapter 8. Adaptive Interim Analyses in Clinical TrialsChapter 9. Classical Dose-Finding Trial; Chapter 10. Improving Dose-Finding: A Philosophic View; Chapter 11. Adaptive Dose-Ranging Studies; Chapter 12. Seamless Phase I/II Designs; Chapter 13. Phase II/III Seamless Designs; Chapter 14. Sample Size Estimation/Allocation for Two-Stage Seamless Adaptive Trial Designs; Chapter 15. Optimal Response-Adaptive Randomization for Clinical Trials; Chapter 16. Hypothesis-Adaptive Design; Chapter 17. Treatment Adaptive Allocations in Randomized Clinical Trials: An Overview 327 $aChapter 18. Integration of Predictive Biomarker Diagnostics into Clinical Trials for New Drug DevelopmentChapter 19. Clinical Strategy for Study Endpoint Selection; Chapter 20. Adaptive Infrastructure; Chapter 21. Independent Data Monitoring Committees; Chapter 22. Targeted Clinical Trials; Chapter 23. Functional Genome-Wide Association Studies of Longitudinal Traits; Chapter 24. Adaptive Trial Simulation; Chapter 25. Efficiency of Adaptive Designs; Chapter 26. Case Studies in Adaptive Design; Chapter 27. Good Practices for Adaptive Clinical Trials; Back cover 330 $aThis comprehensive guide offers a unified presentation of the principles and methodologies in adaptive design and analysis. It gives a well-balanced summary of current regulatory perspectives and recently developed statistical methods in this area. The handbook provides some insight regarding early phase and later phase adaptive designs. With a focus on the implementation of adaptive methods in clinical trials, it introduces the concepts of role, responsibility, function, and activity of a data safety monitoring board (DSMB) when applying these methods. Other important topics covered in detail include regulatory perspectives and logistics issues in applying adaptive design methods--Provided by publisher. 606 $aClinical trials$vHandbooks, manuals, etc 606 $aDrugs$xResearch$xMethodology$vHandbooks, manuals, etc 608 $aElectronic books. 615 0$aClinical trials 615 0$aDrugs$xResearch$xMethodology 676 $a615.5072/4 701 $aPong$b Annpey$0993117 701 $aChow$b Shein-Chung$f1955-$0254512 801 0$bMiAaPQ 801 1$bMiAaPQ 801 2$bMiAaPQ 906 $aBOOK 912 $a9910459136803321 996 $aHandbook of adaptive designs in pharmaceutical and clinical development$92274077 997 $aUNINA LEADER 01605nam a22003131i 4500 001 991000440959707536 005 20040908153751.0 008 040920s1994 it |||||||||||||||||ita 035 $ab1322136x-39ule_inst 035 $aARCHE-116759$9ExL 040 $aSet. Economia$bita$cA.t.i. Arché s.c.r.l. Pandora Sicilia s.r.l. 082 04$a658.402 100 1 $aGhigini, Pietro$0548381 245 10$aCorso di tecnica e organizzazione aziendale :$bper gli istituti tecnici commerciali indirizzo programmatori /$cPietro Ghigini, Sergio Bussolino ; con la collaborazione di Fiorenza Panzini e Ilda Ambrois Clovis ; esercitazioni di laboratorio di M. Zoppi, G. Nizzi e M. C. Zanderman 260 $aMilano :$bElemond Scuola & Azienda,$cc1994- 300 $av. ;$c26 cm 440 0$aScuola & azienda 650 4$aAziende$xOrganizzazione 700 1 $aBussolino, Sergio$eauthor$4http://id.loc.gov/vocabulary/relators/aut$0548383 700 1 $aPanzini, Fiorenza 700 1 $aAmbrois Clovis, Ilda 907 $a.b1322136x$b02-04-14$c23-09-04 912 $a991000440959707536 945 $aLE025 ECO 658.4 GHI01.01$cV. 1$g1$i2025000167841$lle025$o-$pE0.00$q-$rl$s- $t0$u0$v0$w0$x0$y.i1387777x$z23-09-04 945 $aLE025 ECO 658.4 GHI01.01$cV. 2$g1$i2025000167766$lle025$o-$pE0.00$q-$rl$s- $t0$u0$v0$w0$x0$y.i13877781$z23-09-04 945 $aLE025 ECO 658.4 GHI01.01$cV. 3$g1$i2025000167827$lle025$o-$pE0.00$q-$rl$s- $t0$u0$v0$w0$x0$y.i13877793$z23-09-04 996 $aCorso di tecnica e organizzazione aziendale$91460463 997 $aUNISALENTO 998 $ale025$b23-09-04$cm$da $e-$fita$git $h0$i3